[Event "Vietnam National Masters Men 2012"]
[Site "Ho Chi Minh City VIE"]
[Date "2012.11.30"]
[Round "2.6"]
[White "Vo Thanh Ninh"]
[Black "Le Thanh Tai"]
[Result "1-0"]
[WhiteElo "2306"]
[BlackElo "1943"]

1.c4 c6 2.Nf3 d5 3.g3 Nf6 4.Bg2 g6 5.b3 Bg7 6.Bb2 O-O 7.O-O c5 8.cxd5 Nxd5
9.Bxg7 Kxg7 10.d4 cxd4 11.Qxd4+ Nf6 12.Qb2 Nc6 13.Nc3 e5 14.b4 Bg4 15.b5 Bxf3
16.Bxf3 Nd4 17.Bxb7 Rb8 18.Bf3 Qa5 19.a4 Rfc8 20.Ra3 Rc4 21.Rd1 Rd8 22.Rd3 Nxf3+
23.Rxf3 Rcd4 24.Kg2 Rd2 25.Qb3 R8d4 26.Ra2 Rxa2 27.Qxa2 e4 28.Re3 Ng4 29.Qa1 Nxe3+
30.fxe3 Rd8 31.Nxe4+ Kg8 32.Nf6+ Kg7 33.Ng4+ Kf8 34.Qh8+ Ke7 35.Qf6+ Ke8
36.Ne5 Qc7 37.Qh8+ Ke7 38.Qg7 Ke6 39.Nc6 Rd5 40.Qxh7 Rh5 41.Qg7 Qd6 42.Nd4+ Ke7
43.e4 Qd7 44.Nc6+ Ke6 45.Qc3 Kd6 46.Qd4+ Ke6 47.Qc4+ Kd6 48.h4 g5 49.Qd4+ Kc7
50.Qxa7+ Kd6 51.Qd4+ Kc7 52.Qc5 Rh6 53.Ne5+  1-0

[Event "22nd TCh-SLO 2012"]
[Site "Slovenia SLO"]
[Date "2012.11.30"]
[Round "4"]
[White "Tratar,M"]
[Black "Lenic,L"]
[Result "1/2-1/2"]
[WhiteElo "2516"]
[BlackElo "2637"]

1.c4 c6 2.Nf3 Nf6 3.b3 d5 4.Bb2 Bf5 5.e3 e6 6.Be2 Nbd7 7.O-O Bd6 8.cxd5 cxd5
9.Ba3 Bxa3 10.Nxa3 h6 11.Qc1 O-O 12.Qb2 a6 13.Rfc1 Qb6 14.Nb1 Rfc8 15.Nc3 Qd6
16.a3 e5 17.d4 e4 18.Nd2 h5 19.b4 h4 20.Na4 h3 21.g3 Bg4 22.Bf1 Nf8 23.Rxc8 Rxc8
24.Rc1 N8h7 25.Rxc8+ Bxc8 26.Qc2 Qd8 27.Qc5 Ng5 28.Qb6 Qe7 29.Qc5 Qd8 30.Qb6 Qe7
31.Qc5 Qd8  1/2-1/2

[Event "XXVI Belgrade Trophy 2012"]
[Site "Belgrade SRB"]
[Date "2012.12.01"]
[Round "8.15"]
[White "Georgescu,T"]
[Black "Ratkovic,Milov"]
[Result "1/2-1/2"]
[WhiteElo "2403"]
[BlackElo "2304"]

1.c4 c6 2.d4 d5 3.Nf3 Nf6 4.e3 Bf5 5.Nc3 e6 6.Nh4 Be4 7.f3 Bg6 8.Qb3 Qc7
9.g3 Nbd7 10.Bd2 Be7 11.Nxg6 hxg6 12.Rc1 dxc4 13.Bxc4 Nb6 14.Be2 O-O 15.O-O e5
16.Rfd1 Rad8 17.Be1 exd4 18.Nb5 Qe5 19.Nxd4 Bc5 20.Nc2 g5 21.Kg2 Nbd5 22.Bf2 g4
23.Nd4 Bb6 24.fxg4 Ne4 25.Bg1 Ng5 26.Nf3 Nxf3 27.Bxf3 Nxe3+ 28.Bxe3 Qxe3  1/2-1/2

[Event "4th London Classic Open"]
[Site "London ENG"]
[Date "2012.12.01"]
[Round "1"]
[White "D'Costa,L"]
[Black "French,A"]
[Result "1-0"]
[WhiteElo "2417"]
[BlackElo "2018"]

1.c4 c6 2.Nf3 d5 3.e3 Nf6 4.Nc3 Bg4 5.cxd5 Nxd5 6.h3 Bh5 7.Be2 e6 8.a3 Nd7
9.Qc2 Be7 10.d3 O-O 11.Bd2 Qc7 12.g4 Bg6 13.h4 f6 14.h5 Bf7 15.d4 Rfc8 16.Bd3 h6
17.Rc1 Re8 18.Nh4 Rad8 19.Ne2 Bd6 20.Bh7+ Kh8 21.Be4 Nf8 22.Ng6+ Kg8 23.Kf1 e5
24.Bf5 a6 25.Rh3 Ne6 26.dxe5 Bxe5 27.f4 Bd6 28.Rf3 Qb8 29.Ng3 Bc7 30.Re1 Bb6
31.Ne4 Qa7 32.Bc1 Ne7 33.Nxe7+ Rxe7 34.Rg3 Nc5 35.Nxc5 Bxc5 36.g5 fxg5 37.fxg5 Bd6
38.Rg2 hxg5 39.e4 Qd4 40.Rxg5 Bc4+ 41.Kg2 Be5 42.Rg4 Qd3 43.Qf2 Be6 44.Bxe6+ Rxe6
45.h6 Ree8 46.hxg7 Rd7 47.Bh6 Bxg7 48.Rf1 Qd6 49.Bxg7 Qe6 50.Qf8+  1-0

[Event "4th London Classic Open"]
[Site "London ENG"]
[Date "2012.12.02"]
[Round "2"]
[White "Tozer,Philip A A"]
[Black "Ferguson,M"]
[Result "0-1"]
[WhiteElo "2176"]
[BlackElo "2402"]

1.c4 c6 2.g3 d5 3.Nf3 Bg4 4.Ne5 Be6 5.Bg2 dxc4 6.Na3 Qd4 7.Nf3 Qc5 8.O-O Nf6
9.d3 cxd3 10.exd3 Bd5 11.Be3 Qa5 12.Nc4 Qd8 13.Nce5 Nbd7 14.Nxd7 Qxd7 15.Ne5 Qe6
16.Nf3 Qd6 17.Bf4 Qd8 18.Re1 e6 19.Ng5 Bxg2 20.Kxg2 Be7 21.Ne4 O-O 22.Be5 Qd5
23.Bc3 Rfd8 24.Qf3 Qxd3 25.Nxf6+ Bxf6 26.Bxf6 Qxf3+ 27.Kxf3 gxf6  0-1

[Event "22nd TCh-SLO 2012"]
[Site "Slovenia SLO"]
[Date "2012.12.02"]
[Round "6"]
[White "Volf,Z"]
[Black "Stajner,S"]
[Result "0-1"]
[WhiteElo "2230"]
[BlackElo "2261"]

1.c4 c6 2.g3 d5 3.Bg2 Nf6 4.Nf3 g6 5.b3 Bg7 6.Bb2 O-O 7.O-O Bg4 8.d3 Qc8
9.Re1 Rd8 10.Nbd2 Qf5 11.Qc2 Na6 12.a3 Rac8 13.b4 Bh3 14.e4 Qh5 15.exd5 Bxg2
16.Kxg2 cxd5 17.Rxe7 Nc7 18.Re5 Qh6 19.Re2 Ne6 20.Rae1 g5 21.h4 gxh4 22.Rh1 Qg6
23.Ne5 Qf5 24.Rxh4 dxc4 25.Rxc4 Ng5 26.Ndf3 Rxc4 27.dxc4 Qh3+ 28.Kg1 Ng4
29.Rd2 Re8 30.Qd1 Bxe5 31.Bxe5 Nxf3+ 32.Qxf3 Rxe5 33.Rd1 Re2 34.Rd8+ Kg7
35.Qc3+ Re5  0-1

[Event "5th Kolkata Open"]
[Site "Kolkata IND"]
[Date "2012.12.03"]
[Round "1"]
[White "Anurag,M"]
[Black "Oleksienko,M"]
[Result "1/2-1/2"]
[WhiteElo "2370"]
[BlackElo "2573"]

1.c4 c6 2.g3 d5 3.Nf3 Nf6 4.Qc2 Bg4 5.Bg2 Nbd7 6.d3 e5 7.h3 Bh5 8.g4 Bg6
9.g5 Ng8 10.cxd5 Ne7 11.dxc6 Nxc6 12.Be3 Be7 13.Nc3 Nc5 14.Rd1 O-O 15.h4 Ne6
16.Qa4 Bh5 17.Ne4 Nf4 18.Bxf4 exf4 19.d4 Bb4+ 20.Nc3 Qe7 21.O-O f6 22.d5 Ne5
23.d6 Bxd6 24.Nd5 Qe8 25.Qxe8 Raxe8 26.Nxf4 Nxf3+ 27.Bxf3 Bxf3 28.Rxd6 Bxe2
29.Re1 Bb5 30.Rxe8 Bxe8 31.Ne6 Rf7 32.Nd8 Re7 33.gxf6 gxf6 34.Rxf6 Re1+ 35.Kg2 Rb1
36.b3 b6 37.Re6 Bg6 38.Re7 a5 39.Kg3 Rb2 40.Rb7 Rxa2 41.Rxb6 Kf8 42.Ne6+ Ke7
43.f4 Rd2 44.Nc5 Rc2 45.Nb7 Rc3+ 46.Kg4 Bf7 47.f5 Rxb3 48.f6+ Kf8 49.Rxb3 Bxb3
50.Nxa5 Bd5 51.Kf5 Kf7 52.Ke5 Ba2 53.Nb7 Kg6 54.Nd8 Bg8 55.Nc6 Kh5 56.Ne7 Bf7
57.Nf5 Kg6 58.Ne3 Kh5 59.Nf5 Kg6 60.Ng3 Bg8 61.Nf5 Bf7  1/2-1/2

[Event "FSGM December 2012"]
[Site "Budapest HUN"]
[Date "2012.12.04"]
[Round "3.5"]
[White "Czebe,A"]
[Black "Arngrimsson,D"]
[Result "1-0"]
[WhiteElo "2481"]
[BlackElo "2384"]

1.c4 c6 2.Nf3 Nf6 3.g3 d5 4.Bg2 e6 5.O-O Be7 6.b3 O-O 7.Bb2 b6 8.d3 Bb7 9.Nbd2 c5
10.e3 Nc6 11.Qe2 Qc7 12.Rac1 Rad8 13.a3 Rfe8 14.b4 dxc4 15.Nxc4 cxb4 16.axb4 Nxb4
17.Nce5 Qb8 18.e4 h6 19.Bh3 Bd6 20.Nc4 e5 21.Rfd1 Nc6 22.Nxd6 Qxd6 23.Qe3 Nd4
24.Nxd4 exd4 25.Qd2 Bc8 26.Bg2 Bg4 27.Re1 Rc8 28.h3 Bd7 29.Rxc8 Bxc8 30.Qc1 Nd7
31.Qa1 Nc5 32.Bxd4 Nb3 33.Qa4 Bd7 34.Qxb3 Qxd4 35.Rc1 Rc8 36.Rxc8+ Bxc8 37.Qb5 Bd7
38.Qa6 b5 39.e5 b4 40.Qb7 Be6 41.h4 b3 42.Qb8+ Kh7 43.Be4+ g6 44.h5 Kg7 45.hxg6 Qb6
46.Qxb6 axb6 47.gxf7 b2 48.d4 Bxf7 49.f4 Ba2 50.Kf2 b1=Q 51.Bxb1 Bxb1 52.Ke3 Ba2
53.Ke4 b5 54.d5 b4 55.d6 Kf7 56.f5 b3 57.e6+ Ke8 58.Ke5 b2 59.d7+  1-0

[Event "4th London Classic Open"]
[Site "London ENG"]
[Date "2012.12.04"]
[Round "4"]
[White "Tozer,Philip A A"]
[Black "Kojima,S"]
[Result "0-1"]
[WhiteElo "2176"]
[BlackElo "2340"]

1.c4 c6 2.g3 d5 3.Nf3 Nf6 4.Bg2 dxc4 5.O-O Nbd7 6.Na3 Nb6 7.Qc2 Be6 8.Ng5 Bg4
9.Nxc4 Bxe2 10.Nxb6 axb6 11.Re1 Bh5 12.Ne4 Nd5 13.b3 e6 14.Bb2 Qd7 15.a3 f6
16.Nc3 Be7 17.Bh3 Bf7 18.Qe4 Nc7 19.Na4 Ra6 20.Bd4 c5 21.Qxb7 Rxa4 22.bxa4 cxd4
23.Rac1 Bd8 24.Bg2 O-O 25.Rc6 Qe7 26.Qxb6 e5 27.Rec1 Qxa3 28.Rxc7 Qxc1+ 29.Rxc1 Bxb6  0-1

[Event "4th London Classic Open"]
[Site "London ENG"]
[Date "2012.12.04"]
[Round "4"]
[White "Holzke,F"]
[Black "Hanssen,G"]
[Result "1/2-1/2"]
[WhiteElo "2521"]
[BlackElo "2207"]

1.c4 c6 2.Nc3 d5 3.d4 Nf6 4.cxd5 cxd5 5.Bf4 Nc6 6.e3 a6 7.Bd3 Bg4 8.Nge2 Bh5
9.O-O e6 10.Rc1 Bd6 11.Bxd6 Qxd6 12.Qb3 Bg6 13.Nf4 Nxd4 14.Qxb7 O-O 15.Nxg6 hxg6
16.Na4 Ng4 17.Qc7 Qxc7 18.Rxc7 Nb5 19.Rc5 Ne5 20.Be2 Nd7 21.Rc2 Rfd8 22.Nc3 Rdb8
23.Nb1 Nf6 24.f4 Nd6 25.Bf3 Ra7 26.Kf2 a5 27.Rfc1 Rab7 28.b3 Nde4+ 29.Ke1 a4
30.Rc8+ Rxc8 31.Rxc8+ Kh7 32.Bd1 axb3 33.axb3 Nd6 34.Rc6 Nf5 35.Rc3 Ne4 36.Rd3 Nc5
37.Rc3 Ne4 38.Rd3 Nc5 39.Rc3 Ne4  1/2-1/2

[Event "4th London Classic Open"]
[Site "London ENG"]
[Date "2012.12.04"]
[Round "4"]
[White "Grant,J"]
[Black "Rodriguez,Vidal"]
[Result "1/2-1/2"]
[WhiteElo "2217"]
[BlackElo "2148"]

1.c4 c6 2.g3 d5 3.Nf3 Nf6 4.Bg2 Bf5 5.cxd5 cxd5 6.Qb3 Qb6 7.Qxb6 axb6 8.Nc3 Bd7
9.d3 e6 10.O-O b5 11.e4 b4 12.Ne2 Bb5 13.exd5 Nxd5 14.Ne5 Bc6 15.Nd4 Bd6
16.Nc4 Be7 17.Re1 O-O 18.Bd2 Nd7 19.Nc2 N7f6 20.N4e3 Rfd8 21.Nxd5 Nxd5 22.Bxd5 Rxd5
23.Bxb4 Bxb4 24.Nxb4 Rxd3 25.Rad1  1/2-1/2

[Event "4th London Classic Open"]
[Site "London ENG"]
[Date "2012.12.04"]
[Round "4"]
[White "Osborne,M"]
[Black "Sayers,R"]
[Result "1/2-1/2"]
[WhiteElo "2280"]
[BlackElo "2153"]

1.c4 c6 2.Nf3 d5 3.e3 Nf6 4.Nc3 g6 5.d4 Bg7 6.Be2 O-O 7.O-O Bg4 8.Qb3 Qb6
9.Qa3 Re8 10.c5 Qc7 11.b4 Ne4 12.Bb2 Bxf3 13.gxf3 Nxc3 14.Bxc3 e5 15.dxe5 Bxe5
16.f4 Bxc3 17.Qxc3 Nd7 18.h4 h5 19.Kg2 Qd8 20.Rh1 Qf6 21.Qxf6 Nxf6 22.Kf3 Ne4
23.Rhg1 Kh7 24.Bd3 f5 25.Rg2 a5 26.Rag1 Re6 27.a3 axb4 28.axb4 Ra3 29.Ke2 Ra2+
30.Ke1 Ra1+ 31.Ke2 Ra2+ 32.Ke1 Ra1+  1/2-1/2

[Event "4th London Classic Open"]
[Site "London ENG"]
[Date "2012.12.04"]
[Round "4"]
[White "Dukaczewski,P"]
[Black "Maduekwe,C"]
[Result "1-0"]
[WhiteElo "2274"]
[BlackElo "2151"]

1.c4 c6 2.e4 d5 3.exd5 cxd5 4.cxd5 Nf6 5.Qa4+ Nbd7 6.Nc3 g6 7.Nf3 Bg7 8.Bc4 O-O
9.O-O Nb6 10.Qb3 Nxc4 11.Qxc4 b6 12.Ne5 Bb7 13.Nc6 Qd7 14.d4 Rfc8 15.Bf4 e6
16.Qb4 Bf8 17.Qb3 Nxd5 18.Nxd5 Qxc6 19.Nf6+ Kg7 20.Nh5+ Kg8 21.Nf6+ Kg7 22.d5 Qc4
23.Qg3 Be7 24.Rac1 Qe2 25.Rce1 Qxb2 26.Be5 Qc2 27.Qh4 g5 28.Ne4+ Kg6 29.Qh3 h5
30.d6 Bd8 31.f3 Qxa2 32.Qg3 f6 33.Bd4 Rc4 34.Nxg5 fxg5 35.Rxe6+ Kf7 36.Qe5  1-0

[Event "Russia Cup Final 2012"]
[Site "Khanty-Mansiisk RUS"]
[Date "2012.12.05"]
[Round "1.4"]
[White "Socko,B"]
[Black "Grigoriants,S RUS"]
[Result "1/2-1/2"]
[WhiteElo "2631"]
[BlackElo "2589"]

1.c4 c6 2.d4 d5 3.e3 Bf5 4.Nc3 e6 5.Nf3 Nd7 6.Bd2 h6 7.cxd5 exd5 8.g3 Bd6
9.Bg2 Ngf6 10.O-O O-O 11.a3 Re8 12.b4 Bd3 13.Re1 a5 14.Na4 axb4 15.Bxb4 Qe7
16.Bxd6 Qxd6 17.Nc5 Ba6 18.Qc2 Nxc5 19.dxc5 Qe7 20.Nd2 Nd7 21.Rec1 Ne5 22.Qc3 Bc4
23.Nxc4 Nxc4 24.Bf1 Ra5 25.Bxc4 Rxc5 26.Qb4 dxc4  1/2-1/2

[Event "Russia Cup Final 2012"]
[Site "Khanty-Mansiisk RUS"]
[Date "2012.12.05"]
[Round "1.5"]
[White "Socko,B"]
[Black "Grigoriants,S RUS"]
[Result "1-0"]
[WhiteElo "2631"]
[BlackElo "2589"]

1.c4 c6 2.Nf3 d5 3.e3 Nf6 4.d4 Bf5 5.Nc3 e6 6.Nh4 Be4 7.f3 Bg6 8.Nxg6 hxg6
9.Bd2 Nbd7 10.Qb3 Qc7 11.cxd5 exd5 12.O-O-O O-O-O 13.h3 Kb8 14.Kb1 Nb6 15.Bd3 Be7
16.Rc1 Qg3 17.Rhg1 Ne8 18.a4 Nd6 19.Ne2 Qg5 20.Rc2 Nbc4 21.Bc1 Na5 22.Qc3 b6
23.e4 Qh4 24.e5 Ndb7 25.b4 Nc4 26.Bxc4 dxc4 27.Qxc4 Rc8 28.Bf4 Ka8 29.d5 g5
30.dxc6 Nd8 31.c7 Nb7 32.Bg3 Qh5 33.Rd1 Qg6 34.Rd7 Rhe8 35.Nd4 Bxb4 36.Qxb4 Nc5
37.Rd6 Qd3 38.Qb5 Qd1+ 39.Rc1 Qxa4 40.Qxa4 Nxa4 41.e6 fxe6 42.Nxe6 Kb7 43.Nd8+ Ka6
44.Ne6 Kb5 45.Ka2 Nc5 46.Nxc5 bxc5 47.Rd5 Re2+ 48.Kb1 Rxg2 49.Rdxc5+ Kb4
50.Bd6 Rd2 51.Rd5+  1-0

[Event "4th London Classic Open"]
[Site "London ENG"]
[Date "2012.12.05"]
[Round "5"]
[White "Kalerwa,Edwin M"]
[Black "French,A"]
[Result "1-0"]
[WhiteElo "1783"]
[BlackElo "2018"]

1.c4 c6 2.Nc3 d5 3.cxd5 cxd5 4.d4 e5 5.e3 e4 6.Qb3 Nf6 7.Nge2 Nc6 8.a3 Bd6
9.g3 O-O 10.Bg2 Na5 11.Qa2 Be6 12.O-O Qd7 13.f3 Rfe8 14.fxe4 dxe4 15.d5 Nxd5
16.Nxd5 Bxg3 17.Rd1 Bd6 18.b4 Nc6 19.Bxe4 Bg4 20.Bg2 Qe6 21.e4 Qg6 22.Nef4 Qh6
23.Rf1 Be5 24.Rb1 g5 25.h3 Bd7 26.Nd3 Bd4+ 27.Be3 Bxe3+ 28.Nxe3 Be6 29.Qf2 Rad8
30.Nc5 Bxh3 31.Bxh3 Qxh3 32.Qxf7+ Kh8 33.Qf6+ Kg8 34.Rf3 Qh5 35.Rg3 Re5 36.Rf1 Qh4
37.Rg4 Qh5 38.Ne6  1-0

[Event "Russia Cup Final 2012"]
[Site "Khanty-Mansiisk RUS"]
[Date "2012.12.06"]
[Round "2.1"]
[White "Socko,B"]
[Black "Khairullin,I"]
[Result "1-0"]
[WhiteElo "2631"]
[BlackElo "2632"]

1.c4 c6 2.Nf3 d5 3.e3 Nf6 4.b3 e6 5.Bb2 Nbd7 6.Be2 Bd6 7.Nc3 O-O 8.Qc2 dxc4
9.bxc4 e5 10.O-O Re8 11.d3 Nc5 12.d4 exd4 13.exd4 Ne6 14.Rfe1 Bd7 15.Bf1 Qa5
16.c5 Bf8 17.Rad1 Nf4 18.Qd2 Qc7 19.Ne5 N4d5 20.Nxd7 Qxd7 21.Bc4 b6 22.cxb6 axb6
23.Qc2 Nxc3 24.Qxc3 Nd5 25.Qf3 Rxe1+ 26.Rxe1 b5 27.Bb3 g6 28.g3 Rd8 29.Kg2 Bg7
30.Rc1 Bh6 31.Rc2 Bg7 32.h4 h5 33.Re2 Qd6 34.Rc2 Rd7 35.Rc5 Qe6 36.Rc2 Qd6
37.Rc5 Qe6 38.a4 bxa4 39.Bxa4 Ne7 40.Bxc6 Nxc6 41.Rxc6 Qe8 42.Rc4 Qd8 43.Qe4 Bf6
44.Bc3 Kg7 45.Qf3 Rd6 46.d5 Bxc3 47.Qxc3+ Qf6 48.Qd3 Qe5 49.Rd4 Kg8 50.Qc4 Kg7
51.Rd2 Rd7 52.Qd3 Rd6 53.Rd1 Rd7 54.d6 Kg8 55.Rd2 Kg7 56.Kh2 Kg8 57.Qa6 Kg7
58.Qc6 Qe6 59.Qc5 Qe4 60.Qc3+ Kh7 61.Qf6 Qe8 62.Rd3 Qd8 63.Qxd8 Rxd8 64.Kg2 Kg7
65.Kf3 Kf6 66.Kf4 Ra8 67.Rd4 Rb8 68.f3 Ke6 69.Kg5 Rb5+ 70.Kh6 Kd7 71.Rd3 Rf5
72.f4 Rf6 73.Kg7 Rf5 74.Rd2  1-0

[Event "4th London Classic Open"]
[Site "London ENG"]
[Date "2012.12.06"]
[Round "6"]
[White "Richardson,Joh"]
[Black "Marusenko,P"]
[Result "1-0"]
[WhiteElo "2320"]
[BlackElo "2197"]

1.c4 c6 2.e4 d5 3.exd5 cxd5 4.d4 Nf6 5.Nc3 Nc6 6.Nf3 Bg4 7.cxd5 Nxd5 8.Qb3 Bxf3
9.gxf3 Nb6 10.d5 Nd4 11.Bb5+ Nd7 12.Qa4 Nxb5 13.Qxb5 g6 14.O-O Bg7 15.Re1 O-O
16.Bg5 Bf6 17.Bxf6 exf6 18.Rad1 Ne5 19.Re3 Qc8 20.d6 Qf5 21.Qxb7 Qg5+ 22.Kh1 Qh4
23.Ne4 f5 24.Qe7 Nxf3 25.Qxh4 Nxh4 26.Nc5 Kg7 27.d7 Rab8 28.Rb3  1-0

[Event "4th London Classic Open"]
[Site "London ENG"]
[Date "2012.12.06"]
[Round "6.12"]
[White "Bartholomew,J"]
[Black "Kojima,S"]
[Result "1-0"]
[WhiteElo "2427"]
[BlackElo "2340"]

1.c4 c6 2.Nf3 d5 3.g3 Nf6 4.Bg2 dxc4 5.O-O Nbd7 6.Qc2 Nb6 7.Na3 Be6 8.b3 cxb3
9.axb3 g6 10.Nc4 Bg7 11.Na5 Qc8 12.Bb2 O-O 13.e4 Rd8 14.Rfe1 Ne8 15.Bxg7 Nxg7
16.d4 Rb8 17.Qd2 f6 18.Qb4 Kf7 19.Rac1 Qd7 20.Nc4 Nxc4 21.bxc4 Bg4 22.d5 Bxf3
23.Bxf3 e5 24.c5 b6 25.Red1 Ne8 26.Qa4 bxc5 27.dxc6 Qe7 28.Bg4 Ng7 29.Rd7 Rxd7
30.Bxd7 Ne6 31.Bxe6+ Kxe6 32.Qc4+ Kd6 33.Qxc5+ Ke6 34.Qd5+  1-0

[Event "4th London Classic Open"]
[Site "London ENG"]
[Date "2012.12.06"]
[Round "6"]
[White "Weber,T"]
[Black "Tan,Ju2"]
[Result "1/2-1/2"]
[WhiteElo "2372"]
[BlackElo "2239"]

1.c4 c6 2.g3 d5 3.Nf3 Bg4 4.Bg2 e6 5.Ne5 Bf5 6.cxd5 exd5 7.O-O Nd7 8.d4 Bd6
9.Nd3 Qb6 10.b3 Ngf6 11.Bb2 a5 12.a3 O-O 13.Nc3 Rfe8 14.Na4 Qa6 15.Re1 Bxd3
16.Qxd3 Qxd3 17.exd3 Ng4 18.Bf3 f5 19.Rxe8+ Rxe8 20.Rc1 Kf7 21.Kg2 g6 22.Ra1 Ngf6  1/2-1/2

[Event "Bundesliga 2012-13"]
[Site "Griesheim GER"]
[Date "2012.12.08"]
[Round "5"]
[White "Mista,A"]
[Black "Seyb,A"]
[Result "1-0"]
[WhiteElo "2543"]
[BlackElo "2310"]

1.c4 c6 2.g3 Nf6 3.Bg2 d5 4.Nf3 dxc4 5.O-O Nbd7 6.Na3 Nb6 7.Qc2 g6 8.Nxc4 Nxc4
9.Qxc4 Bg7 10.d3 O-O 11.Bd2 a5 12.Qc2 Nd5 13.a3 Bg4 14.Rab1 Qd7 15.Rfd1 Rfd8
16.Bc3 Nxc3 17.bxc3 Rab8 18.Rb6 Qd6 19.Qb2 Qc5 20.Rc1 e5 21.h3 Bxf3 22.Bxf3 a4
23.Rb1 e4 24.Bxe4 Bxc3 25.Qc2 Bd4 26.Qxc5 Bxc5 27.Rxb7 Rxb7 28.Rxb7 Rc8 29.Rb1 f5
30.Bf3 Bxa3 31.Ra1 Bd6 32.Rxa4 c5 33.Ra6 Be5 34.Re6 Bg7 35.Re7 Rd8 36.Rc7 Bf8
37.Bc6 Bd6 38.Ra7 Kh8 39.Bb5 Rc8 40.Rd7 Be5 41.f4 Bd4+ 42.Kg2 Rb8 43.Bc6 Rb1
44.g4 Rg1+ 45.Kf3 Rf1+ 46.Kg3 Be3 47.Bf3 Rg1+ 48.Bg2 fxg4 49.hxg4 Bxf4+ 50.Kxf4 Rxg2
51.e4 Rc2 52.Rc7 Kg8 53.d4 c4 54.d5 c3 55.Ke5 h5 56.gxh5 gxh5 57.d6  1-0

[Event "4th London Classic Open"]
[Site "London ENG"]
[Date "2012.12.08"]
[Round "8"]
[White "Radovanovic,J"]
[Black "Hanssen,G"]
[Result "1-0"]
[WhiteElo "2361"]
[BlackElo "2207"]

1.c4 c6 2.d4 Nf6 3.Nc3 d5 4.Nf3 a6 5.a4 Bf5 6.g3 e6 7.Bg2 a5 8.O-O Nbd7 9.Nh4 Bg4
10.h3 Bh5 11.g4 Bg6 12.Nxg6 hxg6 13.cxd5 exd5 14.g5 Nh5 15.e4 dxe4 16.Nxe4 Be7
17.d5 cxd5 18.Qxd5 O-O 19.Be3 Rc8 20.Rfd1 Rc7 21.Qxa5 Qc8 22.Rac1 b6 23.Qb5 Rd8
24.b4 Nf8 25.a5 bxa5 26.bxa5 Ne6 27.a6 Rxd1+ 28.Rxd1 Nef4 29.a7 Nxg2 30.Kxg2 Rxa7
31.Bxa7 Nf4+ 32.Kf3  1-0

[Event "22nd TCh-SLO 2012"]
[Site "Slovenia SLO"]
[Date "2012.12.08"]
[Round "8"]
[White "Tratar,M"]
[Black "Solak,D"]
[Result "1/2-1/2"]
[WhiteElo "2516"]
[BlackElo "2597"]

1.c4 c6 2.Nf3 d5 3.e3 Nf6 4.d4 Bf5 5.Bd3 Bxd3 6.Qxd3 e6 7.O-O Nbd7 8.Nc3 Be7
9.e4 dxe4 10.Nxe4 Nxe4 11.Qxe4 O-O 12.Bf4 Qa5 13.Rfd1 Rfd8 14.h3 Nf8 15.b3 Ng6
16.Bd2 Qh5 17.Qg4 Qxg4 18.hxg4 Nh4 19.Nxh4 Bxh4 20.Be3 Rd7 21.Rd2 Bd8 22.Rad1 Ba5
23.Rd3 Rad8 24.Kf1 f6 25.Ke2 Kf7 26.a4 Kg6 27.f3 h5 28.gxh5+ Kxh5 29.Bf2 Kg6
30.Be3 Kf7 31.Bd2 Bb6 32.Be3 Ba5 33.Bf2 a6  1/2-1/2

[Event "ch-IRI 2012"]
[Site "Zahedan IRI"]
[Date "2012.12.08"]
[Round "2.11"]
[White "Noroozi,O"]
[Black "Lorparizangeneh,S"]
[Result "1/2-1/2"]
[WhiteElo "2366"]
[BlackElo "2190"]

1.c4 c6 2.Nf3 d5 3.e3 Nf6 4.Nc3 e6 5.Qc2 a6 6.b3 c5 7.d4 Nc6 8.Bb2 cxd4 9.exd4 Be7
10.c5 O-O 11.a3 Qc7 12.Bd3 g6 13.O-O Nd7 14.g3 Bf6 15.b4 Qd8 16.Rad1 Nxd4
17.Nxd4 Bxd4 18.Bxg6 fxg6 19.Rxd4 Ne5 20.f4 Nc6 21.Rd2 Qe7 22.Ne2 e5 23.Rxd5 Bh3
24.Rfd1 exf4 25.Nxf4 Qe3+ 26.Qf2 Qxf2+ 27.Kxf2 Bf5 28.Kg1 Rae8 29.Rd6 Ne5
30.Bxe5 Rxe5 31.Rb6 g5 32.Ng2 Be4 33.Re1 Ref5 34.Re6 Bc6 35.R6e5 h6 36.Rxf5 Rxf5
37.Ne3 Rf3 38.Ng4 Rxa3 39.Nxh6+ Kg7 40.Nf5+ Kf6 41.Nd4 Bd5 42.Kf2 Ra4 43.Nc2 Bb3
44.Re2 Bxc2 45.Rxc2 Rxb4 46.h3 Rb3 47.c6 bxc6 48.Rxc6+ Kf5 49.Rxa6 Rb2+ 50.Ke1 Rh2
51.g4+ Kf4 52.Ra3 Rg2 53.Kf1 Rg3 54.Ra4+ Kf3 55.Ra3+ Kf4  1/2-1/2

[Event "TCh-CZE Div1 Vychod 2012-13"]
[Site "Czech Republic CZE"]
[Date "2012.12.09"]
[Round "4.3"]
[White "Zwardon,V"]
[Black "Buchnicek,P"]
[Result "0-1"]
[WhiteElo "2408"]
[BlackElo "2352"]

1.c4 c6 2.Nf3 d5 3.e3 Nf6 4.Nc3 e6 5.b3 Bd6 6.Bb2 O-O 7.Qc2 Nbd7 8.Be2 e5
9.g4 e4 10.Nd4 Ne5 11.g5 Nfg4 12.cxd5 f5 13.h3 Nxf2 14.Kxf2 Qxg5 15.Ke1 Qg2
16.Rf1 c5 17.Ndb5 Nf3+ 18.Kd1 Nh2 19.Nxd6 Nxf1 20.Kc1 f4 21.exf4 Ng3 22.Nxc8 Nxe2+
23.Nxe2 Qxe2 24.Ne7+ Kf7 25.d6 Qf1+ 26.Qd1 Qxd1+ 27.Kxd1 Ke6 28.f5+ Kxd6
29.Bxg7 Kxe7 30.Bxf8+ Rxf8 31.Ke2 Rxf5 32.Rg1 Kf6 33.Rg8 b5 34.Ra8 Rh5 35.Rxa7 Rxh3
36.Rc7 Rh5 37.Ke3 Ke6 38.Rc6+ Kd5 39.Rb6 Rh3+ 40.Kf4 b4 41.Rb8 Rf3+ 42.Kg4 Rf2
43.Rh8 e3 44.dxe3 Rxa2 45.Rxh7 Rb2 46.Rd7+ Ke4 47.Re7+ Kd3 48.e4 Rxb3 49.e5 Rb1
50.Rd7+ Kc3  0-1

[Event "5th Kolkata Open"]
[Site "Kolkata IND"]
[Date "2012.12.09"]
[Round "7"]
[White "David,Alb"]
[Black "Vishnu,P"]
[Result "1/2-1/2"]
[WhiteElo "2607"]
[BlackElo "2469"]

1.c4 c6 2.e4 d5 3.exd5 cxd5 4.cxd5 Nf6 5.Nc3 Nxd5 6.Nf3 Nc6 7.Bb5 g6 8.Qb3 Nb6
9.Ne5 Be6 10.Nxc6 bxc6 11.Bxc6+ Nd7 12.Qa4 Rc8 13.d4 Bg7 14.d5 O-O 15.dxe6 Nc5
16.Qb5 Nxe6 17.Be3 Bxc3+ 18.bxc3 Qc7 19.O-O Qxc6 20.Qxc6 Rxc6 21.Bxa7 Ra8  1/2-1/2

[Event "Lleida IM Closed 2012"]
[Site "Lleida ESP"]
[Date "2012.12.09"]
[Round "5.2"]
[White "Martinez Lopez,I"]
[Black "Monell Camarasa,D"]
[Result "1/2-1/2"]
[WhiteElo "2284"]
[BlackElo "2259"]

1.c4 c6 2.g3 d5 3.Bg2 e5 4.cxd5 cxd5 5.d4 e4 6.Nc3 Nc6 7.e3 Nb4 8.Bf1 Nf6
9.a3 Nc6 10.Qb3 Bd6 11.Bd2 Be6  1/2-1/2

[Event "4th London Classic Open"]
[Site "London ENG"]
[Date "2012.12.09"]
[Round "9"]
[White "Dale,Finley"]
[Black "French,A"]
[Result "0-1"]
[WhiteElo "1691"]
[BlackElo "2018"]

1.c4 c6 2.Nc3 d5 3.d4 dxc4 4.e3 b5 5.a4 b4 6.Na2 e6 7.Bxc4 Nf6 8.Nf3 Be7
9.O-O O-O 10.b3 Nbd7 11.Bb2 Bb7 12.Nc1 a5 13.Nd3 Nb6 14.Nde5 Nxc4 15.Nxc4 Ne4
16.Rc1 c5 17.dxc5 Nxc5 18.Nd4 Bf6 19.Nd2 Nd3 20.Rb1 Nxb2 21.Rxb2 Bxd4 22.exd4 Qxd4
23.Nc4 Rfd8 24.Rd2 Qf6 25.Rd7 Ba6 26.Nb6 Rxd7 27.Nxd7 Qf5 28.Nb6 Rf8 29.Re1 Bd3
30.Nd7 Rd8 31.Re5 Qg6 32.Rxa5 Be4 33.f3 Bc6 34.Qd6 Bxd7 35.Qxd7 Qf6 36.Qb5 Rd1+
37.Kf2 Qh4+ 38.g3 Qxh2+ 39.Ke3 Qd2+ 40.Ke4 Re1+  0-1

[Event "Czech Coal Match"]
[Site "Podebrady CZE"]
[Date "2012.12.09"]
[Round "2.4"]
[White "Uhlmann,W"]
[Black "Gunina,V"]
[Result "1/2-1/2"]
[WhiteElo "2319"]
[BlackElo "2517"]

1.c4 c6 2.d4 d5 3.Nf3 Nf6 4.Nc3 dxc4 5.a4 Bf5 6.e3 e6 7.Bxc4 Bb4 8.O-O O-O
9.Qe2 Nbd7 10.e4 Bg6 11.Bd3 Bh5 12.e5 Nd5 13.Ne4 Bg6 14.Rd1 Qa5 15.Neg5 Rfd8
16.Bxg6 hxg6 17.Bd2 Nf8 18.Qe4 Bxd2 19.Rxd2 b5 20.Rc2 bxa4 21.Nd2 Qb5 22.h4 Ne7
23.Ngf3 Rab8 24.Nc4 Qd5 25.Qxd5 cxd5 26.Nd6 Rb4 27.Rc5 Rd7 28.Ra5 Nf5 29.Nxf5 gxf5
30.R5xa4 Rxb2 31.Rxa7 Rb1+ 32.Rxb1 Rxa7 33.Rb8 g6 34.Kh2 Kg7 35.Kg3 Nd7 36.Rb2 Rc7
37.Kf4 Rc4 38.Rb7 Nc5 39.Ra7 Ne4  1/2-1/2

[Event "5th Kolkata Open"]
[Site "Kolkata IND"]
[Date "2012.12.10"]
[Round "8"]
[White "Fominyh,A"]
[Black "Sundararajan,K"]
[Result "1-0"]
[WhiteElo "2455"]
[BlackElo "2434"]

1.c4 c6 2.Nf3 d5 3.e3 Nf6 4.Nc3 e6 5.b3 Nbd7 6.Qc2 g6 7.Be2 Bg7 8.O-O O-O
9.d4 b6 10.Ba3 c5 11.cxd5 exd5 12.dxc5 bxc5 13.Na4 Ne4 14.Rad1 Bb7 15.Nd2 Ng5
16.Nxc5 Nxc5 17.Bxc5 Rc8 18.b4 d4 19.e4 Re8 20.f3 Ne6 21.Nb3 Be5 22.Bb5 Bc6
23.Bxc6 Rxc6 24.g3 a5 25.Qd2 axb4 26.Bxb4 d3 27.Ba5 Qb8 28.f4 Qa7+ 29.Kh1 Bc7
30.Bc3 Nc5 31.Nxc5 Qxc5 32.Ba1 Rd8 33.Qb2 Kf8 34.Rc1 Qd6 35.Qh8+ Ke7 36.Qf6+ Qxf6
37.Bxf6+ Rxf6 38.Rxc7+ Ke8 39.Rc3 Ra6 40.a3 Ra4 41.Rd1 d2 42.Rc2 Rxe4 43.Rdxd2 Ra8
44.Re2 Rxe2 45.Rxe2+ Kd7 46.Re3 Rb8 47.h4 Rb2 48.Kg1 h5 49.Kf1 Kd6 50.Ke1 Kd5
51.a4 Ra2 52.Re5+ Kd4 53.a5 f6 54.Re6 g5 55.hxg5 fxg5 56.a6 gxf4 57.gxf4 h4
58.Kf1 h3 59.Kg1 Rg2+ 60.Kh1 Ra2 61.f5 Kd5 62.Rb6 Kc5 63.Rh6 Kd5 64.Re6 h2
65.Rb6 Kc5 66.Rh6 Kd4 67.Rc6 Kd5 68.Re6 Rf2 69.a7 Ra2 70.Re7 Kc6 71.f6 Kd6
72.Rb7 Kc6 73.Rg7 Kd6 74.Re7  1-0

[Event "4th Penang Heritage City Open"]
[Site "Penang MAS"]
[Date "2012.12.11"]
[Round "1.48"]
[White "Limono,Handjojo"]
[Black "Tan,Jun Feng"]
[Result "0-1"]
[WhiteElo "1906"]
[BlackElo "1883"]

1.c4 c6 2.b3 Nf6 3.Bb2 d5 4.e3 Bf5 5.Nc3 e6 6.Nf3 h6 7.Be2 Nbd7 8.O-O Bd6
9.d4 O-O 10.Rc1 Qe7 11.Bd3 Bg4 12.h3 Bxf3 13.Qxf3 Rfe8 14.cxd5 exd5 15.Qd1 Nf8
16.Re1 Ne4 17.Nxe4 dxe4 18.Bf1 f5 19.g3 Qg5 20.Bg2 Rad8 21.Qe2 Kh7 22.a4 Ne6
23.Rc4 Nc7 24.Bc3 Nd5 25.Bd2 h5 26.h4 Qh6 27.b4 Nc7 28.Rec1 a6 29.Bh3 Rf8
30.Kg2 g5 31.hxg5 Qxg5 32.Rh1 Rf6 33.Kf1 Kg6 34.Bg2 Rh8 35.g4 fxg4 36.Bxe4+ Kh6
37.Kg1 Rhf8 38.Be1 h4 39.Rc2 h3 40.Qd3 Nd5 41.Bxd5 cxd5 42.Kf1 Qh4 43.Ke2 g3
44.fxg3 Bxg3 45.Kd2 Bxe1+ 46.Rxe1 Rf2+ 47.Kd1 Rxc2 48.Qxc2 Qg4+ 49.Kc1 Rc8  0-1